| 000 | 00348nam a2200121Ia 4500 | ||
|---|---|---|---|
| 008 | 150610s9999 xx 000 0 und d | ||
| 020 | _a0 590433199 | ||
| 050 |
_aPS3553 _b.O626 D37 1973 |
||
| 100 | _aCooper, Susan | ||
| 245 | 4 |
_aThe dark is rising / _cSusan Cooper. |
|
| 260 |
_aNew York : _bScholastic, _c1973. |
||
| 300 |
_a244pages ; _c18 cm. |
||
| 999 |
_c287934 _d287934 |
||